El tesoro americano y la revolución de los precios en España, 1501-1650

Salvato in:
Dettagli Bibliografici
Autore principale: Hamilton, Earl J (Autore)
Natura: Libro
Lingua:spagnolo
Pubblicazione: Barcelona, España Ariel 1975
Serie:Ariel. Historia, 1
Soggetti:
Tags: Aggiungi Tag
Nessun Tag, puoi essere il primo ad aggiungerne!!

MARC

LEADER 00000cam a2200000 a 4500
001 UCO1601
003 CL-VaPUC
005 20240531152427.0
008 000519e19750000SP |||||||||||||||||spa|d
999 |c 288206  |d 288204 
040 |c Pontificia Universidad Católica de Valparaíso 
082 0 4 |a 330.946 HAM 1975  |2 21 
100 |a Hamilton, Earl J  |e author  |9 443950 
245 1 3 |a El tesoro americano y la revolución de los precios en España, 1501-1650 
260 |a Barcelona, España  |b Ariel  |c 1975 
300 |a 462 páginas 
490 0 |a Ariel. Historia,  |v  1 
583 |a last modification  |c 20160520 09:33:40  |k Rodrigo Vera 
650 7 |a ECONOMIA ESPAÑOLA  |2 CL-VaPUC  |9 314036 
650 0 |a Siglos 16-17  |y SIGLOS 16-17  |9 319315 
650 0 |a Moneda  |z ESPAÑA  |9 342365 
650 7 |a METALES PRECIOSOS  |2 CL-VaPUC  |9 356021  |z ESPAÑA 
852 |a BIBCUR 
942 |c BK  |2 ddc 
945 |d 20000519 00:00:00  |a rherrera 
952 |0 0  |1 0  |2 ddc  |4 0  |6 330_946000000000000_HAM_1975  |7 0  |8 A  |9 335749  |a BIBHIS  |b BIBHIS  |d 2019-11-20  |i 1281291  |o 330.946 HAM 1975  |p 1281291  |r 2025-01-20  |t 1  |w 2019-11-20  |y BK  |k HIS 
952 |0 0  |1 0  |2 ddc  |3 erb  |4 0  |6 330_946000000000000_HAM_1975  |7 0  |8 A  |9 335750  |a FDOHBE  |b FDOHBE  |e Huesbe Llanos, Marco Antonio, 1934-  |i 5304474  |o 330.946 HAM 1975  |p 5304474  |r 2024-01-30  |t 2  |w 2019-11-20  |y BK  |z Catalogado en:20160520  |k HBE